书目信息 |
| 题名: |
数码摄影实拍技法
|
|
| 作者: | ;广角势力 编著 | |
| 分册: | 风光摄影 | |
| 出版信息: | 北京 中国铁道出版社 2011.6 |
|
| 页数: | 200页 | |
| 开本: | 26cm | |
| 丛书名: | ||
| 单 册: | ||
| 中图分类: | J41 , J414 | |
| 科图分类: | ||
| 主题词: | 数字照相机--摄影技术 , 数字照相机--风光摄影--摄影技术 , 数字照相机 , 摄影技术 , 风光摄影 | |
| 电子资源: | ||
| ISBN: | 978-7-113-12764-0 | |
| 000 | 01031nam0 2200289 45 | |
| 001 | 1356808984 | |
| 005 | 20130515100145.12 | |
| 010 | @a978-7-113-12764-0@dCNY59.00 | |
| 100 | @a20130108d2011 em y0chiy50 ea | |
| 101 | 0 | @achi |
| 102 | @aCN@b110000 | |
| 105 | @aa z 000yy | |
| 106 | @ar | |
| 200 | 1 | @a数码摄影实拍技法@AShu Ma She Ying Shi Pai Ji Fa@i风光摄影@IFeng Guang She Ying@iLandscape photography@f广角势力编著@FGuang Jiao Shi Li Bian Zhu |
| 210 | @a北京@c中国铁道出版社@d2011.6 | |
| 215 | @a200页@c图@d26cm | |
| 330 | @a本书按照影友拍摄风光照片的习惯,首先从风光摄影必备器材开始,到相机使用技巧;再从风光摄影的构图、用光到风光摄影的色彩;最后是实战部分,按花卉、自然风光和城市风光分类讲解。 | |
| 606 | 0 | @a数字照相机@x摄影技术 |
| 606 | 0 | @a数字照相机@x风光摄影@x摄影技术 |
| 606 | 0 | @a数字照相机 |
| 606 | 0 | @a摄影技术 |
| 606 | 0 | @a风光摄影 |
| 690 | @aJ41@v5 | |
| 690 | @aJ414@v5 | |
| 711 | 02 | @a广角势力@AGuang Jiao Shi Li@4编著 |
| 801 | @aCN@bTANGWEI@c20130108 | |
| 905 | @b0829756-60@dJ41@e273@f5 | |
| 数码摄影实拍技法.风光摄影.Landscape photography/广角势力编著.-北京:中国铁道出版社,2011.6 |
| 200页:图;26cm |
| ISBN 978-7-113-12764-0:CNY59.00 |
| 本书按照影友拍摄风光照片的习惯,首先从风光摄影必备器材开始,到相机使用技巧;再从风光摄影的构图、用光到风光摄影的色彩;最后是实战部分,按花卉、自然风光和城市风光分类讲解。 |
| ● |
| 相关链接 |
|
|
|
|
正题名:数码摄影实拍技法
索取号:J41/273
 
预约/预借
| 序号 | 登录号 | 条形码 | 馆藏地/架位号 | 状态 | 备注 |
| 1 | 0829756 | 208297564 | 第一样本阅览室/ [索取号:J41/273] | 在馆 | |
| 2 | 0829757 | 208297573 | 第一借阅区/ [索取号:J41/273] | 在馆 | |
| 3 | 0829758 | 208297582 | 第一借阅区/ [索取号:J41/273] | 在馆 | |
| 4 | 0829759 | 208297591 | 密集书库-美术系/ [索取号:J41/273] | 在馆 | |
| 5 | 0829760 | 208297608 | 第一借阅区/ [索取号:J41/273] | 在馆 |